• 首页
  • 本馆介绍
  • 公告通知
  • 最新文献
  • 馆藏检索
  • 电子资源
  • 读者导购
  • 参考咨询
  • 我的图书馆
  • 登录
  • 详细信息显示
  • 放入我的书架
  • 预约/预借图书
  • 作者相关作品
  • 分类相关作品
  • 丛书相关作品
  • 出版社相关作品

书目信息

  • 表格格式
  • 工作单格式
  • 卡片格式
题名:
美国人眼中的第二次世界大战
    
 
作者: Isserman , 艾泽曼 著 ;刘群 译
分册:  
出版信息: 北京   当代中国出版社  2006
页数: 236页
开本: 23cm
丛书名: 《战争中的美国》丛书
单 册:
中图分类: K712.53
科图分类:
主题词: 第二次世界大战 , 第二次世界大战--研究 , 北美洲--历史
电子资源:
ISBN: 7-80170-404-5
000 01079oam2 2200289 450
001 010040029856
005 20061117101749.60
010    @a7-80170-404-5@dCNY23.00
100    @a20060123d2006 em y0chiy0110 ea
101 0  @achi
102    @aCN@b110000
105    @aab z 000yy
200 1  @a美国人眼中的第二次世界大战@9mei guo ren yan zhong de di er ci shi jie da zhan@f(美)莫里斯·艾泽曼(Maurice Isserman)著@g刘群译
210    @a北京@c当代中国出版社@d2006
215    @a236页@c图,地图@d23cm
225 2  @a《战争中的美国》丛书
330    @a本书不仅向我们展示了美国在欧洲和太平洋战场上的全景作战画面,从珍珠港到诺曼底登陆,再到日本在美国军舰密苏里号上的投降,更新增了许多细节,如西班牙内战对二战的影响,美国陆地武器在海陆战争中的影响等。
461  0 @12001 @a《战争中的美国》丛书
606 0  @a第二次世界大战
606 0  @a第二次世界大战@x研究
606 0  @a北美洲@x历史
690    @aK712.53@v4
701  1 @aIsserman@bMaurice@4著
701  1 @a艾泽曼@9ai ze man@bM.@4著
702  0 @a刘群@9liu qun@4译
801  0 @aCN@bRENTIAN@c20061117
905    @a10447@dK712.53@e27
    
    美国人眼中的第二次世界大战/(美)莫里斯·艾泽曼(Maurice Isserman)著/刘群译.-北京:当代中国出版社,2006
    236页:图,地图;23cm.-(《战争中的美国》丛书)
    
    
    ISBN 7-80170-404-5:CNY23.00
    本书不仅向我们展示了美国在欧洲和太平洋战场上的全景作战画面,从珍珠港到诺曼底登陆,再到日本在美国军舰密苏里号上的投降,更新增了许多细节,如西班牙内战对二战的影响,美国陆地武器在海陆战争中的影响等。
●
相关链接 在E读中查询图书 在五车中查询图书 在当当中查询图书 在豆瓣中查询图书


正题名:美国人眼中的第二次世界大战     索取号:K712.53/27         预约/预借

序号 登录号 条形码 馆藏地/架位号 状态 备注
1 0390065   203900653   第二样本阅览室/ [索取号:K712.53/27] 在馆    
2 0390066   203900662   第二借阅区/ [索取号:K712.53/27] 在馆    
3 0390067   203900671   第二借阅区/ [索取号:K712.53/27] 在馆    
4 0390068   203900680   第二借阅区/ [索取号:K712.53/27] 在馆    
5 0390069   203900699   第二借阅区/ [索取号:K712.53/27] 在馆    
唐山师范学院图书馆 欢迎您!
大连网信软件有限公司© 版权所有